| 000 | 00979pam a2200265 i 4500 | ||
|---|---|---|---|
| 005 | 20250825185250.0 | ||
| 006 | m |o d | | ||
| 007 | cr ||||||||||| | ||
| 008 | 240826s2016 flua ob 001 0 eng | ||
| 010 | _a 2024733796 | ||
| 020 |
_z9780340972533 _qpack-book and ebook |
||
| 040 |
_aKABLIB _beng _erda _cKABLIB |
||
| 082 | 0 | 0 |
_a614.1 _223 _bSAU |
| 100 | 1 |
_aSaukko, Pekka _eauthor. _914649 |
|
| 245 | 1 | 0 |
_aKnight's forensic pathology / _cPekka Saukko, Bernard Knight. |
| 246 | 3 | 0 | _aForensic pathology |
| 250 | _a4th ed. | ||
| 260 |
_aBoca Raton : _bCRC Press, Taylor and Francis Group, ; _cc2016 |
||
| 300 |
_axiv, 666 p. : _bcol. ill. ; _c29 cm. |
||
| 500 | _aIncludes references, appendix, index. | ||
| 650 | 0 |
_aForensic pathology. _914400 |
|
| 700 | 1 |
_aKnight, Bernard _eauthor. _914650 |
|
| 776 | 0 | 8 |
_iPrint Version: _tKnight's forensic pathology _dBoca Raton : CRC Press, Taylor and Francis Group, ; [2016] _z9780340972533 _w(DLC) 2016449211 |
| 942 |
_2ddc _cBOOK |
||
| 999 |
_c5797 _d5797 |
||